| 000 -LEADER |
| fixed length control field |
00671nam a22001817a 4500 |
| 005 - DATE AND TIME OF LATEST TRANSACTION |
| control field |
20231227105958.0 |
| 008 - FIXED-LENGTH DATA ELEMENTS--GENERAL INFORMATION |
| fixed length control field |
231227s1984 ru ||||| |||| 00| 0 rus d |
| 041 ## - LANGUAGE CODE |
| Language code of text/sound track or separate title |
rus |
| 080 ## - UNIVERSAL DECIMAL CLASSIFICATION NUMBER |
| Universal Decimal Classification number |
101.9 Ф-76 |
| 100 ## - MAIN ENTRY--PERSONAL NAME |
| Personal name |
Фомичев, H. |
| 9 (RLIN) |
20906 |
| 245 ## - TITLE STATEMENT |
| Title |
Во имя истины и добродетели : |
| Remainder of title |
Сократ : Повесть-легенда / |
| Statement of responsibility, etc. |
Н. Фомичев. |
| 264 ## - PRODUCTION, PUBLICATION, DISTRIBUTION, MANUFACTURE, AND COPYRIGHT NOTICE |
| Place of production, publication, distribution, manufacture |
Москва : |
| Name of producer, publisher, distributor, manufacturer |
Мол. гвардия, |
| Date of production, publication, distribution, manufacture, or copyright notice |
1984. |
| 300 ## - PHYSICAL DESCRIPTION |
| Extent |
192 с. : |
| Other physical details |
ил. ; |
| Dimensions |
17 cm. |
| 440 ## - SERIES STATEMENT/ADDED ENTRY--TITLE |
| Title |
Пионер - значит первый |
| Number of part/section of a work |
Вып. 82 |
| 9 (RLIN) |
20907 |
| 653 ## - INDEX TERM--UNCONTROLLED |
| keyword |
სოკრატე |
| 653 ## - INDEX TERM--UNCONTROLLED |
| keyword |
ფილოსოფია |
| 942 ## - ADDED ENTRY ELEMENTS (KOHA) |
| Source of classification or shelving scheme |
|
| Koha item type |
წიგნი |